000 00409nam a22001697a 4500
003 MACL
005 20160114183122.0
008 160114b xxu||||| |||| 00| 0 eng d
040 _cMACL
041 _aEnglish
082 _a620
100 _aMade Easy
_9184
245 _aIES-2014 Electrical Engg. Objectie Solved Paper-2
260 _bMade Easy
_c2006
650 _aEngineering
_932464
942 _2ddc
_cBK
999 _c52359
_d52359